000 00401 a2200169 4500
001 74146
020 _a853223860-2
040 _cAnchieta - Colégio São Paulo
100 _aFilho, Roberto antonelli
240 1 0 _aA vida nas Ilhas e Atóis
_lpor
245 1 0 _aA vida nas Ilhas e Atóis
300 _a36
362 0 _a1997
440 1 _aFTD
650 4 _aCiência da vida - Biologia
942 _cBK
999 _c74146
_d74146